00931nam a2200205Ia 4500008004100000020001500041050002400056100003800080245008600118250001800204260003200222300001800254336001000272337001400282338001200296504004200308505031500350650003200665650002800697120720t1999 mx 000 0 spa d a968184694X aKG3115.A7bB72 199910aBriseño Sierra, Humbertoeautor13aEl arbitraje comercialb : doctrina y legislaciónc / Humberto Briseño Sierra a2a. edición aMéxicob : Limusac, 1999 a377 páginas atexto asin medio avolumen aIncluye: bibliografía (pp. 375-377) aIntroducción Razón de ser de este procedimiento El arbitraje comercial La legislación arbitral El acuerdo Los árbitros La sentencia o laudo Apelación contra el laudo Arbitraje extranjero Influencia de las convenciones internacionales en el derecho nacional La formación de la Litis en la ley modelo14aARBITRAJE COMERCIALzMEXICO24aARBITRAJE INTERNACIONAL